Mental Health for Nursing (Record no. 7734)

MARC details
000 -LEADER
fixed length control field 00367nam a22001457a 4500
020 ## - INTERNATIONAL STANDARD BOOK NUMBER
ISBN 9788184450217
050 ## - CALL NUMBER
Classification number RC440
100 ## - AUTHOR
Personal name Batra, Lalit
245 ## - TITLE
Title Mental Health for Nursing
Statement of responsibility, etc by Lalit Batra
260 ## - PUBLICATION INFORMATION
Place of publication Inida
Name of publisher Pawaninder P. Vij
Year of publication 2007
300 ## - DESCRIPTION
Number of Pages 232
500 ## - NOTES
General note includes bibliographic reference and index
650 ## - SUBJECTS
Topical Term mental health
942 ## - ADDED ENTRY ELEMENTS (KOHA)
Koha item type Books
Holdings
Withdrawn status Lost status Home library Current library Date acquired Full call number Accession Number Koha item type
    Methodist University Library Wenchi Nursing Methodist University Library Wenchi Nursing 23/09/2021 RC440 31136 Books
    Methodist University Library Wenchi Nursing Methodist University Library Wenchi Nursing 23/09/2021 RC440 31137 Books
Copyright © 2026  MUG Library